[Event "SVK-chT1W 1112"]
[Site "Slovakia"]
[Date "2011.10.15"]
[Round "1.3"]
[White "Kaniansky, Miroslav"]
[Black "Drtina, Milan"]
[Result "0-1"]
[WhiteElo "2199"]
[BlackElo "2247"]
[PlyCount "64"]
[EventDate "2011.10.15"]
[EventType "team-tourn"]
[EventRounds "11"]
[EventCountry "SVK"]
[SourceTitle "EXT 2013"]
[Source "ChessBase"]
[SourceDate "2012.11.22"]
[SourceVersion "1"]
[SourceVersionDate "2012.11.22"]
[SourceQuality "1"]
[WhiteTeam "Prievidza II"]
[BlackTeam "Trnava Lokomotiva"]
[WhiteTeamCountry "SVK"]
[BlackTeamCountry "SVK"]

1. d4 Nf6 2. Nf3 g6 3. c4 Bg7 4. Nc3 0-0 5. e4 d6 6. Be2 c6 7. 0-0 Qc7 8. Re1 e5 9. Bf1 Bg4 10. Be3 Nh5 11. dxe5 dxe5 12. h3 Rd8 13. Qe2 Bxf3 14. Qxf3 Nd7 15. c5 Nf8 16. Bc4 Nf4 17. Bxf4 exf4 18. Rad1 Qe5 19. Na4 g5 20. Qb3 Qe7 21. Qc2 Ng6 22. b4 Ne5 23. Bf1 g4 24. hxg4 Nxg4 25. Be2 h5 26. Bxg4 hxg4 27. e5 Bxe5 28. Qf5 g3 29. Qg4+ Kf8 30. fxg3 fxg3 31. Re4 Qf6 32. Rf1 Bd4+ 0-1

[Event "CZE-chT2E 1112"]
[Site "Czech Republic"]
[Date "2011.10.09"]
[Round "1.2"]
[White "Dvorak, Martin"]
[Black "Drtina, Milan"]
[Result "1-0"]
[WhiteElo "2083"]
[BlackElo "2247"]
[PlyCount "67"]
[EventDate "2011.10.09"]
[EventType "team-tourn"]
[EventRounds "11"]
[EventCountry "CZE"]
[SourceTitle "EXT 2013"]
[Source "ChessBase"]
[SourceDate "2012.11.22"]
[SourceVersion "1"]
[SourceVersionDate "2012.11.22"]
[SourceQuality "1"]
[WhiteTeam "Kromeriz II"]
[BlackTeam "Borsice"]
[WhiteTeamCountry "CZE"]
[BlackTeamCountry "CZE"]

1. e4 e5 2. Nf3 Nc6 3. Bb5 a6 4. Ba4 Nf6 5. 0-0 Be7 6. Re1 b5 7. Bb3 d6 8. c3 Na5 9. Bc2 c5 10. d4 Qc7 11. h3 0-0 12. a4 Bd7 13. axb5 axb5 14. dxe5 dxe5 15. Nbd2 Rfd8 16. Qe2 c4 17. Nf1 b4 18. Bg5 b3 19. Bb1 h6 20. Bh4 Bb5 21. Ne3 Nc6 22. Rxa8 Rxa8 23. Nd2 Rd8 24. Nxb3 Na5 25. Nxa5 Qxa5 26. Nf5 Qa7 27. b4 Kf8 28. Bg3 Qc7 29. Ne3 Qc6 30. Bxe5 Re8 31. Nf5 Bd8 32. Bd4 Bb6 33. Qe3 Bxd4 34. Qxd4 1-0

[Event "CZE-chT2E 1011"]
[Site "Czech Republic"]
[Date "2011.01.09"]
[Round "5.2"]
[White "Machalik, Marek"]
[Black "Drtina, Milan"]
[Result "1/2-1/2"]
[WhiteElo "1935"]
[BlackElo "2247"]
[PlyCount "66"]
[EventDate "2010.10.17"]
[EventType "team-tourn"]
[EventRounds "11"]
[EventCountry "CZE"]
[SourceTitle "EXT 2012"]
[Source "ChessBase"]
[SourceDate "2011.11.24"]
[SourceVersion "1"]
[SourceVersionDate "2011.11.24"]
[SourceQuality "1"]
[WhiteTeam "Postoupky"]
[BlackTeam "Borsice"]
[WhiteTeamCountry "CZE"]
[BlackTeamCountry "CZE"]

1. e4 e5 2. Nc3 c5 3. Bc4 d6 4. d3 Be6 5. Bxe6 fxe6 6. f4 exf4 7. Bxf4 e5 8. Be3 Nf6 9. Nf3 Be7 10. 0-0 0-0 11. Kh1 Qd7 12. Bg5 Nc6 13. Bxf6 Bxf6 14. Nd5 Rf7 15. c3 Raf8 16. Qe2 Bd8 17. Nd2 Bg5 18. Rxf7 Rxf7 19. Nc4 b5 20. Nce3 a5 21. Rf1 Bxe3 22. Nxe3 b4 23. Nd5 Qg4 24. Qe1 Nd8 25. Rxf7 Kxf7 26. Qf2+ Ke8 27. Ne3 Qe6 28. Nc4 Nc6 29. Qf5 Qxf5 30. Nxd6+ Kd7 31. Nxf5 a4 32. a3 bxc3 33. bxc3 c4 1/2-1/2

[Event "SVK-chT1W 1011"]
[Site "Slovakia"]
[Date "2010.12.11"]
[Round "3.3"]
[White "Drtina, Milan"]
[Black "Farkas, Gabor"]
[Result "1-0"]
[WhiteElo "2247"]
[BlackElo "2225"]
[PlyCount "33"]
[EventDate "2010.11.06"]
[EventType "team-tourn"]
[EventRounds "11"]
[EventCountry "SVK"]
[SourceTitle "EXT 2012"]
[Source "ChessBase"]
[SourceDate "2011.11.24"]
[SourceVersion "1"]
[SourceVersionDate "2011.11.24"]
[SourceQuality "1"]
[WhiteTeam "Trnava Lokomotiva"]
[BlackTeam "Galanta"]
[WhiteTeamCountry "SVK"]
[BlackTeamCountry "SVK"]

1. e4 e5 2. Nf3 Nc6 3. Bb5 a6 4. Ba4 Nf6 5. 0-0 Nxe4 6. Re1 Nc5 7. Bxc6 dxc6 8. Nxe5 Be6 9. d4 Nd7 10. Qe2 Nxe5 11. dxe5 Qd4 12. Nd2 Be7 13. c3 Qg4 14. f3 Bc5+ 15. Kh1 Qh4 16. Ne4 Bc4 17. Bg5 1-0

[Event "SVK-chT1W 1011"]
[Site "Slovakia"]
[Date "2010.11.07"]
[Round "2.2"]
[White "Drtina, Milan"]
[Black "Federic, Jozef"]
[Result "1/2-1/2"]
[WhiteElo "2247"]
[BlackElo "2283"]
[PlyCount "99"]
[EventDate "2010.11.06"]
[EventType "team-tourn"]
[EventRounds "11"]
[EventCountry "SVK"]
[SourceTitle "EXT 2012"]
[Source "ChessBase"]
[SourceDate "2011.11.24"]
[SourceVersion "1"]
[SourceVersionDate "2011.11.24"]
[SourceQuality "1"]
[WhiteTeam "Trnava Lokomotiva"]
[BlackTeam "Budmerice"]
[WhiteTeamCountry "SVK"]
[BlackTeamCountry "SVK"]

1. e4 c5 2. c4 Nc6 3. Ne2 Nf6 4. Nbc3 e6 5. Nf4 Bd6 6. d3 Be5 7. Bd2 a6 8. g3 0-0 9. Bg2 Rb8 10. a4 d6 11. 0-0 Nb4 12. Be3 Bd7 13. Nfe2 Ng4 14. Bc1 Bf6 15. Na2 Nxa2 16. Rxa2 Ne5 17. Be3 Qc7 18. b3 b5 19. cxb5 axb5 20. d4 cxd4 21. Bxd4 bxa4 22. bxa4 Qc4 23. Qd2 Bxa4 24. f4 Ng4 25. h3 Bb3 26. Ra5 Bd8 27. Ra3 e5 28. Ba7 Rb7 29. Kh1 Nf6 30. Rc1 Nxe4 31. Rxc4 Nxd2 32. Rc3 e4 33. Be3 Bd1 34. Bxd2 Bxe2 35. Bxe4 Rb2 36. Bc1 Rb4 37. Re3 Bb5 38. Bg2 Rb1 39. Re1 Bf6 40. Bd2 Rxe1+ 41. Bxe1 Re8 42. Bb4 Bd4 43. Bd5 Bc5 44. Bxc5 dxc5 45. Ra7 Rf8 46. Rc7 Bf1 47. h4 c4 48. Kg1 Bd3 49. Kf2 g6 50. Bxc4 1/2-1/2